| 000 | 00856nam a2200205Ia 4500 | ||
|---|---|---|---|
| 003 | IN-BaIIA | ||
| 008 | 211028s9999 xx 000 0 eng d | ||
| 020 | _a0-387-97083-5 | ||
| 040 | _cIIA Library | ||
| 080 |
_a524.72(082.2) _bTHE |
||
| 111 |
_aConference on "Le Monde des Galaxies" _cInstitut d'Astrophysique de Paris, Paris _d1988 Apr. 12-14 _916524 |
||
| 245 | 4 |
_aThe world of galaxies _bproceedings of the conference on "Le Monde des Galaxies", held in Institut d'Astrophysique de Paris, Paris, 12-14 April 1988 _cedited by Harold G. Corwin and Lucette Bottinelli |
|
| 260 |
_aNew York _bSpringer-Verlag _c1989 |
||
| 300 | _axxvi, 570p. | ||
| 650 | _aAstronomy and astrophysics thesaurus | ||
| 650 |
_aGalaxies _91286 |
||
| 650 |
_aGalaxy _93368 |
||
| 700 |
_aBottinelli, Lucette, ed. _916525 |
||
| 942 | _cBK | ||
| 999 |
_c9760 _d9760 |
||